<?xml version="1.0" encoding="UTF-8"?>
<record
    xmlns:xsi="http://www.w3.org/2001/XMLSchema-instance"
    xsi:schemaLocation="http://www.loc.gov/MARC21/slim http://www.loc.gov/standards/marcxml/schema/MARC21slim.xsd"
    xmlns="http://www.loc.gov/MARC21/slim">

  <leader>02476    a2200265   4500</leader>
  <controlfield tag="001">27437</controlfield>
  <controlfield tag="005">20260407155549.0</controlfield>
  <controlfield tag="008">260407a1963    arg                 spa d</controlfield>
  <controlfield tag="003">AR-UNSa-BCEJYS</controlfield>
  <datafield tag="040" ind1=" " ind2=" ">
    <subfield code="a">AR-UNSa-BCEJYS</subfield>
    <subfield code="b">spa</subfield>
    <subfield code="c">AR-UNSa-BCEJYS</subfield>
  </datafield>
  <datafield tag="080" ind1=" " ind2=" ">
    <subfield code="a">658.5</subfield>
    <subfield code="x">Planificaci&#xF3;n y control de la producci&#xF3;n
</subfield>
  </datafield>
  <datafield tag="245" ind1="1" ind2="0">
    <subfield code="a">Planeamiento de la producci&#xF3;n, inventarios y mano de obra</subfield>
  </datafield>
  <datafield tag="264" ind1=" " ind2="1">
    <subfield code="a">M&#xE9;xico :</subfield>
    <subfield code="b">Herrero Hermanos Sucesores</subfield>
    <subfield code="c">1963</subfield>
  </datafield>
  <datafield tag="300" ind1=" " ind2=" ">
    <subfield code="a">469 p.</subfield>
    <subfield code="c">24 cm.</subfield>
  </datafield>
  <datafield tag="505" ind1=" " ind2=" ">
    <subfield code="a">Parte I: 1. Problemas, m&#xE9;todos y resultados - Parte II: Reglas decisiones para el planeamiento de la producci&#xF3;n global y la mano de obra: 2. Reglas de decisiones para el planeamiento de la producci&#xF3;n y la mano de obra - 3. Estimaci&#xF3;n de las relaciones entre costos y producci&#xF3;n, mano de obra e inventario - 4. Derivaci&#xF3;n y c&#xE1;lculo de las normas de decisiones - 5. Aplicaci&#xF3;n de las normas decisiorias en materia de producci&#xF3;n y mano de obra - 6. Decisiones lineales en casos de incertidumbre - 7. Predicci&#xF3;n de pedidos globales - 8. Respuestas din&#xE1;micas optimas a las fluctuaciones en las ventas - 9. Costo de los errores en la predicci&#xF3;n, en el control, en la informaci&#xF3;n y en el c&#xE1;lculo o estimaci&#xF3;n - Parte III: Pedidos, despacho, producci&#xF3;n y compra de art&#xED;culos individuales: 10. Determinaci&#xF3;n de la cantidad de producci&#xF3;n bajo resticciones de caracter global - 11. Programaci&#xF3;n periodica de inventario de amortiguaci&#xF3;n - 12. Planemiento de inventarios con disparador para lotes de tama&#xF1;o fijo - 13. Tama&#xF1;o de los lotes e inventarios de amortiguaci&#xF3;n bajo el sistema del punto de reordenamiento - 14. Predicci&#xF3;n de ventas de productos individuales utilizando medias moviles con pesos especificos exponenciales - 15. Distribuci&#xF3;n probable de los errores de predicci&#xF3;n - Parte IV: Dise&#xF1;o de sistema decisiorio: 16. Sistemas decisorios periodicos con disparador - 17. Dise&#xF1;o de sistemas decisorios para almacenes de fabricas - Parte V: Generalizaci&#xF3;n de los m&#xE9;todos decisorios: 18. M&#xE9;todos generales para la obtenci&#xF3;n de norma decisorias lineales - 19. Normas decisorias bajo tiempo continuo - 20. Otros m&#xE9;todos para planear la producci&#xF3;n en el tiempo.</subfield>
  </datafield>
  <datafield tag="942" ind1=" " ind2=" ">
    <subfield code="c">BK</subfield>
  </datafield>
  <datafield tag="590" ind1=" " ind2=" ">
    <subfield code="a">niveau_biblio:m niveau_hierar:0</subfield>
  </datafield>
  <datafield tag="100" ind1="1" ind2=" ">
    <subfield code="a">Modigliani, Franco</subfield>
  </datafield>
  <datafield tag="700" ind1="1" ind2=" ">
    <subfield code="a">Holt, Charles C.</subfield>
  </datafield>
  <datafield tag="700" ind1="1" ind2=" ">
    <subfield code="a">Bonini, Charles P.</subfield>
  </datafield>
  <datafield tag="700" ind1="1" ind2=" ">
    <subfield code="a">Muth, John F.</subfield>
  </datafield>
  <datafield tag="700" ind1="1" ind2=" ">
    <subfield code="a">Winters, Peter R.</subfield>
  </datafield>
  <datafield tag="700" ind1="1" ind2=" ">
    <subfield code="a">Simon, Herbert A.</subfield>
  </datafield>
  <datafield tag="700" ind1="1" ind2=" ">
    <subfield code="a">Rivero Caso, Ram&#xF3;n</subfield>
  </datafield>
  <datafield tag="999" ind1=" " ind2=" ">
    <subfield code="c">1589</subfield>
    <subfield code="d">1589</subfield>
  </datafield>
  <datafield tag="952" ind1=" " ind2=" ">
    <subfield code="0">0</subfield>
    <subfield code="1">0</subfield>
    <subfield code="4">0</subfield>
    <subfield code="7">0</subfield>
    <subfield code="a">BCEJYS</subfield>
    <subfield code="b">BCEJYS</subfield>
    <subfield code="c">16</subfield>
    <subfield code="d">2026-04-07</subfield>
    <subfield code="l">0</subfield>
    <subfield code="o">658.5 P712</subfield>
    <subfield code="p">L22450</subfield>
    <subfield code="r">2026-04-07 15:55:49</subfield>
    <subfield code="w">2026-04-07</subfield>
    <subfield code="y">L</subfield>
  </datafield>
  <datafield tag="952" ind1=" " ind2=" ">
    <subfield code="0">0</subfield>
    <subfield code="1">0</subfield>
    <subfield code="4">0</subfield>
    <subfield code="7">0</subfield>
    <subfield code="a">BCEJYS</subfield>
    <subfield code="b">BCEJYS</subfield>
    <subfield code="c">16</subfield>
    <subfield code="d">2026-04-07</subfield>
    <subfield code="l">0</subfield>
    <subfield code="o">658.5 P712</subfield>
    <subfield code="p">L22451</subfield>
    <subfield code="r">2026-04-07 15:55:49</subfield>
    <subfield code="w">2026-04-07</subfield>
    <subfield code="y">L</subfield>
  </datafield>
</record>
